Brazilian football players by picture #2 - Statistics

General Stats
  • This quiz has been taken 283 times
  • The average score is 12 of 15
Answer Stats
Picture Answer % Correct
Alisson
99%
Casemiro
96%
Gabriel Jesus
91%
Rivaldo
91%
Philippe Coutinho
88%
Richarlison
87%
Fabinho
83%
Oscar
81%
Sócrates
80%
Vinicius Júnior
71%
Alex Sandro
69%
Dida
60%
Robinho
60%
Carlos Alberto
52%
Romário
47%
No matching quizzes found
Score Distribution
Percent of People with Each Score
Percentile by Number Answered
Your Score History
You have not taken this quiz